Svalbard Quiz - Statistics

General Stats
  • This quiz has been taken 106 times
  • The average score is 6 of 14
Answer Stats
Hint Answer % Correct
Country Svalbard belongs to Norway
100%
Official Language Norwegian
78%
Arctic animal with a population of 300 on Svalbard Polar Bear
73%
Largest Town on Svalbard Longyearbyen
62%
Main religion on Svalbard Christianity
56%
Largest island of Svalbard Spitsbergen
40%
Climate classification of Svalbard Tundra
37%
Currency of this Country Norwegian Krone
35%
Sea located to the West of Svalbard Greenland Sea
27%
Internet domain for Svalbard and Jan Mayen .sj
25%
Century in which Svalbard was first discovered 16th Century
23%
Period during the Winter months in which there is no light Polar Night
21%
For what occupation was Svalbard originally settled? Coal Mining
19%
Period during the Summer months in which there is no darkness Polar Day
19%
No matching quizzes found
Score Distribution
Percent of People with Each Score
Percentile by Number Answered
Your Score History
You have not taken this quiz